Every Song by Jefferson Airplane - Statistics

General Stats
  • This quiz has been taken 18 times
  • The average score is 23 of 109
Answer Stats
Album Song % Correct
Surrealistic Pillow(1967) White Rabbit
100%
Surrealistic Pillow(1967) Somebody to Love
81%
Surrealistic Pillow(1967) She Has Funny Cars
69%
Surrealistic Pillow(1967) Today
69%
Surrealistic Pillow(1967) Comin' Back to Me
63%
Volunteers(1969) Volunteers
63%
Crown of Creation(1968) Crown of Creation
56%
Surrealistic Pillow(1967) Embryonic Journey
56%
Surrealistic Pillow(1967) Plastic Fantastic Lover
56%
Surrealistic Pillow(1967) 3/5 of a Mile in 10 Seconds
50%
Surrealistic Pillow(Bonus)(1967) Go to Her
50%
Jefferson Airplane Takes Off(1966) Blues from an Airplane
44%
Surrealistic Pillow(1967) D.C.B.A.–25
44%
Surrealistic Pillow(1967) How Do You Feel
44%
After Bathing at Baxter's(1967) Martha
44%
After Bathing at Baxter's(1967) The Ballad of You & Me & Pooneil
44%
Jefferson Airplane Takes Off(1966) Tobacco Road
44%
Jefferson Airplane Takes Off(1966) Come Up the Years
38%
Crown of Creation(1968) Greasy Heart
38%
Crown of Creation(1968) If You Feel
38%
Surrealistic Pillow(Bonus)(1967) J.P.P. McStep B. Blues
38%
Crown of Creation(1968) Lather
38%
Jefferson Airplane Takes Off(1966) Run Around
38%
Volunteers(1969) Wooden Ships
38%
Jefferson Airplane Takes Off(1966) Chauffeur Blues
31%
Jefferson Airplane Takes Off(1966) It's No Secret
31%
Jefferson Airplane Takes Off(1966) Let Me In
31%
Early Flight(1974) Mexico
31%
Surrealistic Pillow(1967) My Best Friend
31%
Crown of Creation(1968) The House at Pooneil Corners
31%
After Bathing at Baxter's(1967) Watch Her Ride
31%
Volunteers(1969) We Can Be Together
31%
Surrealistic Pillow(Bonus)(1967) Come Back Baby
25%
Volunteers(1969) Hey Fredrick
25%
Crown of Creation(1968) In Time
25%
After Bathing at Baxter's(1967) Rejoyce
25%
After Bathing at Baxter's(1967) Wild Tyme (H)
25%
Jefferson Airplane Takes Off(1966) Bringing Me Down
19%
Volunteers(1969) Eskimo Blue Day
19%
Thirty Seconds Over Winterland(1973) Have You Seen the Saucers?
19%
Surrealistic Pillow(Bonus)(1967) In the Morning
19%
Early Flight(1974) It's Alright
19%
Jefferson Airplane Takes Off(1966) Let's Get Together
19%
After Bathing at Baxter's(1967) The Last Wall of the Castle
19%
Crown of Creation(1968) Triad
19%
After Bathing at Baxter's(1967) Two Heads
19%
After Bathing at Baxter's(1967) Young Girl Sunday Blues
19%
Jefferson Airplane Takes Off(1966) And I Like It
13%
After Bathing at Baxter's(1967) A Small Package of Value Will Come to You, Shortly
13%
Volunteers(1969) A Song for All Seasons
13%
Jefferson Airplane(1989) Common Market Madrigal
13%
Jefferson Airplane Takes Off(1966) Don't Slip Away
13%
Long John Silver(1972) Eat Starch Mom
13%
Bless Its Pointed Little Head(1989) Fat Angel
13%
Bark(1971) Feel So Good
13%
Volunteers(1969) Good Shepherd
13%
Crown of Creation(1968) Ice Cream Phoenix
13%
Long John Silver(1972) Long John Silver
13%
Thirty Seconds Over Winterland(1973) Milk Train
13%
Jefferson Airplane(1989) Planes (Experimental Aircraft)
13%
Bark(1971) Pretty as You Feel
13%
After Bathing at Baxter's(1967) Spare Chaynge
13%
Volunteers(1969) The Farm
13%
Crown of Creation(Bonus)(1968) Would You Like a Snack
13%
Long John Silver(1972) Aerie (Gang of Eagles)
6%
Long John Silver(1972) Alexander the Medium
6%
Bless Its Pointed Little Head(1989) Bear Melt
6%
Crown of Creation(Bonus)(1968) Candyman
6%
Crown of Creation(1968) Chushingura
6%
Bark(1971) Crazy Miranda
6%
Thirty Seconds Over Winterland(1973) Diana
6%
Long John Silver(1972) Easter?
6%
Jefferson Airplane(1989) Freedom
6%
Jefferson Airplane(1989) Ice Age
6%
Bark(1971) Law Man
6%
Thirty Seconds Over Winterland(1973) Lawman
6%
Jefferson Airplane(1989) Madeleine Street
6%
Volunteers(1969) Meadowlands
6%
Bark(1971) Never Argue with a German If You're Tired or European Song
6%
Jefferson Airplane(1989) Now is the Time
6%
Jefferson Airplane(1989) Panda
6%
Crown of Creation(Bonus)(1968) Ribump Ba Bap Dum Dum
6%
Bark(1971) Rock and Roll Island
6%
Bless Its Pointed Little Head(1989) Rock Me Baby
6%
Early Flight(1974) Runnin' Round This World
6%
Crown of Creation(1968) Share a Little Joke
6%
Jefferson Airplane(1989) Solidarity
6%
Crown of Creation(1968) Star Track
6%
Jefferson Airplane(1989) Summer of Love
6%
Bless Its Pointed Little Head(1989) The Other Side of This Life
6%
Crown of Creation(Bonus)(1968) The Saga of Sydney Spacepig
6%
Long John Silver(1972) The Son of Jesus
6%
Jefferson Airplane(1989) The Wheel (For Nora and Nicaragua)
6%
After Bathing at Baxter's(Bonus)(1967) Things are Better in the East
6%
Bark(1971) Third Week in the Chelsea
6%
Bark(1971) Thunk
6%
Jefferson Airplane(1989) Too Many Years
6%
Long John Silver(1972) Trial by Fire
6%
Jefferson Airplane(1989) True Love
6%
Volunteers(1969) Turn My Life Down
6%
Long John Silver(1972) Twilight Double Leader
6%
Jefferson Airplane(1989) Upfront Blues
6%
Early Flight(1974) Up or Down
6%
Bark(1971) War Movie
6%
Bark(1971) When the Earth Moves Again
6%
Bark(1971) Wild Turkey
6%
Bless Its Pointed Little Head(1989) Clergy
0%
Bless Its Pointed Little Head(1989) Turn Out the Lights
0%
After Bathing at Baxter's(1967) Won't You Try / Saturday Afternoon
0%
No matching quizzes found
Score Distribution
Percent of People with Each Score
Percentile by Number Answered
Your Score History
You have not taken this quiz